Znáš tato zvířata? - Statistics

General Stats
  • This quiz has been taken 13 times
  • The average score is 15 of 24
Answer Stats
Picture Answer % Correct
Bobr Kanadský
100%
Liška Obecná
100%
Medvěd Černý
100%
Vlk Obecný
100%
Kacha Divoká
91%
Mustang
91%
Orel Bělohlavý
91%
Rys Ostrovid
91%
Bizon Americký
82%
Jelenec Běloocasý
82%
Los Evropský
82%
Puma Americká
82%
Datel Chocholatý
73%
Mýval Severní
73%
Jezevec
64%
Pelikán Bílý
55%
Sojka Chocholatá
27%
Tetřev Hlušec
27%
Kojot Prérijní
18%
Svišť
18%
Kardinál Červený
9%
Marlín Modrý
9%
Ovce Tlustorohá
0%
Žluva Baltimorská
0%
No matching quizzes found
Score Distribution
Percent of People with Each Score
Percentile by Number Answered
Your Score History
You have not taken this quiz